|
|
|
|
| LEADER |
00000cam a2200000 7i4500 |
| 001 |
0000003790 |
| 005 |
20170706093000.0 |
| 008 |
021118s1984 |
| 020 |
|
|
|a 0023548800
|
| 090 |
0 |
0 |
|a QD33
|b .H65 1984
|
| 100 |
0 |
|
|a Hill, John W. [
|q (John William)] ,
|d 1933- ,
|e author
|
| 245 |
1 |
0 |
|a Chemistry for changing times
|c John William Hill
|
| 250 |
|
|
|a 4th ed
|
| 260 |
2 |
|
|a New York :
|b Macmillan Publishing ;
|a London :
|b Collier Macmillan ,
|c c1984
|
| 300 |
|
|
|a xi, 558 p. ;
|c 25 cm.
|
| 504 |
|
|
|a Includes bibliographical references and index
|
| 650 |
|
0 |
|a Chemistry
|
| 999 |
|
|
|a 1000031035
|b Book
|c Close Access
|e Tembila Campus
|
| 999 |
|
|
|a 1000031036
|b Book
|c Close Access
|e Tembila Campus
|
| 999 |
|
|
|a 1000031037
|b Book
|c Close Access
|e Tembila Campus
|
| 999 |
|
|
|a 1000031038
|b Book
|c Close Access
|e Tembila Campus
|
| 999 |
|
|
|a 1000031039
|b Book
|c Close Access
|e Tembila Campus
|
| 999 |
|
|
|a 1000031040
|b Book
|c Close Access
|e Tembila Campus
|